Teoretické východiská účtovníctva v trhovej ekonomike
Účel účtovníctva v trhovej ekonomike. Účtovníctvo získava informácie a zaznamenáva ich na základe účtovných dokladov. Výsledným produktom informačného zobrazenia činnosti účtovnej jednotky za určité obdobie je účtovná závierka. Cieľ účtovnej závierky. Základné predpoklady podvojného účtovníctva. Kva...
Saved in:
| Main Author: | |
|---|---|
| Other Authors: | |
| Format: | Book Chapter |
| Language: | Slovak |
| Subjects: | |
| Tags: |
No Tags, Be the first to tag this record!
|
MARC
| LEADER | 00000naa$a2200000$$$4500 | ||
|---|---|---|---|
| 001 | 0029704 | ||
| 005 | 20240502071434.4 | ||
| 041 | 0 | |a slo | |
| 044 | |a SK | ||
| 245 | 1 | 0 | |a Teoretické východiská účtovníctva v trhovej ekonomike |c Anna Šlosárová, Rudolf Šlosár |
| 520 | |a Účel účtovníctva v trhovej ekonomike. Účtovníctvo získava informácie a zaznamenáva ich na základe účtovných dokladov. Výsledným produktom informačného zobrazenia činnosti účtovnej jednotky za určité obdobie je účtovná závierka. Cieľ účtovnej závierky. Základné predpoklady podvojného účtovníctva. Kvalitatívne charakteristiky informácií z účtovnej závierky (užitočnosť informácií). Všeobecne uznávané účtovné zásady a účtovné metódy. | ||
| 610 | 2 | 0 | |a účtovníctvo |
| 610 | 2 | 0 | |a hospodárstvo trhové |
| 610 | 2 | 0 | |a závierka účtovná |
| 610 | 2 | 0 | |a jednotka účtovná |
| 610 | 2 | 0 | |a štandardy účtovné medzinárodné |
| 610 | 2 | 0 | |a účtovníctvo podvojné |
| 610 | 2 | 0 | |a informácie |
| 610 | 2 | 0 | |a metódy účtovné |
| 610 | 2 | 0 | |a Slovensko |
| 610 | 2 | 0 | |a IAS/IFRS |
| 610 | 2 | 0 | |a US GAAP |
| 100 | 1 | |a Šlosárová, Anna | |
| 700 | 1 | |a Šlosár, Rudolf | |